[Event "SWIFT-Chess World Championship"]
[Site "Brussels"]
[Date "1987.??.??"]
[Round "?"]
[White "Larsen, Bent"]
[Black "Short, Nigel D"]
[Result "1-0"]
[WhiteElo "2565"]
[BlackElo "2615"]
[PlyCount "111"]
[EventDate "1987.04.??"]
[EventType "tourn (blitz)"]
[EventRounds "22"]
[EventCountry "BEL"]
[EventCategory "15"]
[SourceTitle "CBM 002"]
[Source "ChessBase"]
[SourceDate "1988.02.01"]
[SourceVersion "1"]
[SourceVersionDate "1988.02.01"]
[SourceQuality "1"]

1. Nf3 e6 2. g3 c5 3. Bg2 Nc6 4. O-O g6 5. d4 cxd4 6. Nxd4 a6 7. c4 Bg7 8. Nc2 $146 ({RR} 8. Be3 Nge7 9. Nc3 O-O 10. Rc1 d5 11. cxd5 exd5 12. Na4 Ne5 13. b3 Bd7 14. Nc5 b6 15. Nxd7 Qxd7 16. h3 Qd6 17. Qd2 Rac8 18. Rxc8 Rxc8 19. Rc1 Rxc1+ 20. Qxc1 Nd7 21. Qd2 Bf6 22. Nc2 Nc5 {Tsifanskaya,L (2235)-Sikora Gizynska,B (2210) Mikolajki 1991 1-0 (36)}) ({RR} 8. Nxc6 bxc6 9. Nc3 Ne7 10. e4 O-O 11. Bf4 a5 12. Bd6 Ba6 13. Qd3 Re8 14. Rfd1 Nc8 15. Bc5 d5 16. b3 Nb6 17. Rac1 Nd7 18. Ba3 d4 19. Na4 Qc7 20. Qc2 Rad8 21. Nb2 c5 22. Nd3 Bb7 {Eriksen,M (2063)-Stone,A (2234) London 2011 0-1 (58)}) 8... Nge7 9. Nc3 O-O 10. Bg5 h6 11. Bd2 d5 12. cxd5 exd5 13. Rc1 Be6 14. Na4 b6 15. e3 d4 16. Nxd4 Nxd4 17. exd4 Bd5 18. Bxd5 Nxd5 19. Qf3 Qd7 20. Rfd1 Qxa4 21. Qxd5 Rad8 22. Qb3 Qxb3 23. axb3 Rxd4 24. Be3 Rxd1+ 25. Rxd1 Bxb2 26. Rd6 Kg7 27. Rxb6 Ra8 28. Bd2 Bd4 29. Rd6 Be5 30. Rd5 Bf6 31. Ra5 Bd8 32. Bc3+ Kf8 33. Rd5 Ke7 34. g4 Bc7 35. Kg2 Ke6 36. Rc5 Bd6 37. Ra5 Rb8 38. Rxa6 Rxb3 39. Bd2 g5 40. h4 f6 41. Be3 Kd5 42. h5 Be5 43. Ra8 Ke4 44. Rh8 f5 45. Rxh6 f4 46. Bc1 f3+ 47. Kh3 Rb1 48. Rc6 Bb2 49. Bxb2 Rh1+ 50. Kg3 Rg1+ 51. Kh2 Rxg4 52. h6 Rg2+ 53. Kh1 Rxf2 54. h7 Rxb2 55. h8=Q f2 56. Kg2 1-0

[Event "Tallinn"]
[Site "Tallinn"]
[Date "1987.??.??"]
[Round "?"]
[White "Hodgson, Julian M"]
[Black "Van der Sterren, Paul"]
[Result "1-0"]
[WhiteElo "2520"]
[BlackElo "2520"]
[PlyCount "41"]
[EventDate "1987.04.06"]
[EventType "tourn"]
[EventRounds "13"]
[EventCountry "URS"]
[EventCategory "11"]
[SourceTitle "EXT 1997"]
[Source "ChessBase"]
[SourceDate "1996.11.15"]
[SourceVersion "1"]
[SourceVersionDate "1996.11.15"]
[SourceQuality "1"]

1. Nf3 d5 2. b3 c5 3. e3 Nf6 4. Bb2 Nc6 5. Bb5 Qb6 6. c4 a6 ({RR} 6... e6 7. O-O Be7 8. Ne5 O-O 9. Bxc6 bxc6 10. Nc3 Qc7 11. Na4 Rd8 12. d3 Ne8 13. f4 f6 14. Nf3 Nd6 15. Qe2 Nb7 16. Ba3 Bd6 17. Rae1 Qe7 18. Nd2 e5 19. f5 Bd7 20. e4 d4 21. Rf3 {Tomashevsky,E (2706)-Lu,S (2615) Chess.com INT 2020 1-0 (91)}) 7. Ba4 ({RR} 7. Bxc6+ bxc6 8. Na3 e6 9. O-O Be7 10. Qe2 O-O 11. Nc2 a5 12. Rab1 a4 13. Bxf6 Bxf6 14. b4 Ba6 15. d3 cxb4 16. Nxb4 Qc5 17. Nxa6 Rxa6 18. d4 Qxc4 19. Qxc4 dxc4 20. Rfc1 c5 21. Rxc4 cxd4 {Panin,M (2189)-Sandholm,K (2178) chess.com INT 2025 ½-½ (61)}) 7... dxc4 8. Bxf6 gxf6 $146 ({RR} 8... cxb3 9. Bb2 bxa2 10. Nc3 Qxb2 11. Rxa2 Qb6 12. Ne5 Be6 13. Ra1 Qc7 14. Qf3 Rc8 15. Bxc6+ bxc6 16. Nd3 Qd6 17. Nf4 Bc4 18. Rc1 Bb5 19. Qh5 g6 20. Qg5 h6 21. Qg4 Qd7 22. Qg3 Qf5 23. h4 {Balaji,A (2346)-Vaidyanathan,A (2002) Kenilworth ENG 2024 ½-½ (98)}) ({RR} 8... cxb3 9. Bb2 bxa2 10. Nc3 Qxb2 11. Rxa2 Qb6 12. Ne5 Be6 13. Ra1 Qc7 14. Qf3 Rc8 15. Bxc6+ bxc6 16. Nd3 Qd6 17. Nf4 Bc4 18. Rc1 Bb5 19. Qh5 g6 20. Qg5 h6 21. Qg4 Qd7 22. Qg3 Qf5 23. h4 {Balaji,A (2346)-Vaidyanathan,A (2002) Kenilworth ENG 2024 ½-½ (98)}) 9. bxc4 Rg8 10. Nc3 Rxg2 11. Rb1 Qc7 12. Nd5 Qd6 13. Nb6 Rb8 14. Nxc8 Rxc8 15. Rxb7 Bh6 16. Nh4 Rxh2 17. Rxh2 Qxh2 18. Qg4 Qh1+ 19. Ke2 Rd8 20. Qg8+ Bf8 21. Nf3 1-0

[Event "Biel"]
[Site "Biel"]
[Date "1987.??.??"]
[Round "?"]
[White "Lobron, Eric"]
[Black "Campora, Daniel Hugo"]
[Result "1-0"]
[WhiteElo "2530"]
[BlackElo "2545"]
[PlyCount "61"]
[EventDate "1987.07.??"]
[EventType "tourn"]
[EventRounds "14"]
[EventCountry "SUI"]
[EventCategory "13"]
[SourceTitle "CBM 003"]
[Source "ChessBase"]
[SourceDate "1988.04.01"]
[SourceVersion "1"]
[SourceVersionDate "1988.04.01"]
[SourceQuality "1"]

1. Nf3 d5 2. g3 Bg4 3. Bg2 Nd7 4. d3 c6 5. h3 Bh5 6. Nc3 ({RR} 6. g4 Bg6 7. Nh4 e6 8. Nxg6 hxg6 9. e3 Bd6 10. Qe2 Ne7 11. Nd2 g5 12. Nf3 Ng6 13. Bd2 Nde5 14. O-O-O Qf6 15. Bc3 Nxf3 16. Bxf6 {1-0 (16) Morozevich,A (2755)-Rublevsky,S (2676) Moscow 2007}) ({RR} 6. c4 e5 7. cxd5 cxd5 8. O-O Ngf6 9. Nc3 h6 10. Qb3 Qa5 11. Qxb7 Rb8 12. Qc6 d4 13. Ne4 Nxe4 14. dxe4 Qb5 15. Qd5 Be7 16. e3 Qxd5 17. exd5 d3 18. e4 O-O 19. g4 Bg6 20. Ne1 Nc5 {Stanojevic,I (2224)-Cherry,A (1991) chess.com INT 2025 1-0 (39)}) 6... e5 7. O-O f6 $146 ({RR} 7... Bd6 8. e4 d4 9. Ne2 f6 10. Nh4 Ne7 11. c3 c5 12. Nf5 Nxf5 13. exf5 Qc7 14. c4 Bf7 15. a3 g6 16. fxg6 hxg6 17. b4 Be6 18. Re1 O-O-O 19. h4 g5 20. hxg5 fxg5 21. Rb1 Bh3 22. Bh1 {Flesch,J-Lein,A Budapest 1963 0-1}) 8. e4 d4 9. Ne2 Ne7 10. c3 c5 11. a3 Nc6 12. cxd4 cxd4 13. b4 a5 14. b5 Na7 15. Rb1 Nc8 16. Nh4 a4 17. f4 Bf7 18. fxe5 fxe5 19. Kh2 Nd6 20. Ng1 g6 21. Ngf3 h6 22. Bd2 Bg7 23. Bb4 Qb6 24. Nd2 Bf6 25. Nxg6 Bxg6 26. Qg4 Bf7 27. Rxf6 Nxf6 28. Qg7 O-O-O 29. Qxf6 Rhf8 30. Rc1+ Kd7 31. Nf3 1-0

[Event "OHRA-B"]
[Site "Amsterdam"]
[Date "1987.??.??"]
[Round "8"]
[White "Hort, Vlastimil"]
[Black "Campora, Daniel Hugo"]
[Result "1-0"]
[WhiteElo "2570"]
[BlackElo "2545"]
[PlyCount "82"]
[EventDate "1987.08.??"]
[EventType "swiss"]
[EventRounds "9"]
[EventCountry "NED"]
[SourceTitle "TD"]
[Source "ChessBase"]
[SourceDate "1994.03.01"]
[SourceVersion "1"]
[SourceVersionDate "1994.03.01"]
[SourceQuality "1"]

1. Nf3 d5 2. g3 Nf6 3. Bg2 c6 4. b3 Bf5 5. Bb2 e6 6. d3 h6 ({RR} 6... Nbd7 7. Nbd2 Bd6 8. Nh4 Bg6 9. Nxg6 hxg6 10. e3 e5 11. Qe2 Qe7 12. h3 Ba3 13. Bxa3 Qxa3 14. O-O a5 15. c4 O-O 16. Nb1 Qd6 17. cxd5 cxd5 18. Nc3 Rfc8 19. Rfc1 Rc6 20. Nb5 Qb4 21. d4 {Gutierrez Olivares,D (2354)-Momin Fayzan (1950) chess.com INT 2024 0-1 (44)}) 7. Nbd2 Bh7 8. a3 a5 9. Ne5 $146 ({RR} 9. O-O Nbd7 10. Qe1 Bc5 11. e4 O-O 12. Kh1 b5 13. Nh4 Qb6 14. Qe2 e5 15. f4 Rfe8 16. Rae1 dxe4 17. dxe4 Bd6 18. Rd1 Qc7 19. f5 Nc5 20. h3 Qe7 21. g4 Nb7 22. Nhf3 Nc5 23. Qe1 Rad8 {Venkatesh,M (2480)-Granda Zuniga,J (2616) Pamplona 2011 0-1 (57)}) 9... Bd6 10. e4 O-O 11. Qe2 Nfd7 12. Ng4 Re8 13. f4 f5 14. Ne3 e5 15. fxe5 Bf8 16. e6 Rxe6 17. exd5 Re8 18. O-O-O Nf6 19. Qf3 Nbd7 20. Ndc4 cxd5 21. Nxd5 Rb8 22. Rhe1 b5 23. Nxf6+ Nxf6 24. Ne5 Rc8 25. Qb7 Re7 26. Qxb5 Rec7 27. Nc4 Rc5 28. Qa6 f4 29. gxf4 Nd5 30. Qe6+ Kh8 31. Qxh6 Nf6 32. Qh3 a4 33. b4 Rh5 34. Qf3 Rh4 35. Re5 Bd6 36. Nxd6 Qxd6 37. h3 Bg6 38. Qg3 Rh6 39. Kb1 Nh5 40. Qg5 Nf6 41. Rc5 Re8 1-0

[Event "Hastings 8788"]
[Site "Hastings"]
[Date "1987.??.??"]
[Round "3"]
[White "Larsen, Bent"]
[Black "Chandler, Murray G"]
[Result "1-0"]
[WhiteElo "2570"]
[BlackElo "2575"]
[PlyCount "85"]
[EventDate "1987.12.??"]
[EventType "tourn"]
[EventRounds "14"]
[EventCountry "ENG"]
[EventCategory "13"]
[SourceTitle "EXT 1999"]
[Source "ChessBase"]
[SourceDate "1998.11.16"]
[SourceVersion "1"]
[SourceVersionDate "1998.11.16"]
[SourceQuality "1"]

1. Nf3 d5 2. c4 d4 3. g3 g6 4. Bg2 Bg7 5. d3 e5 6. O-O Ne7 7. b4 O-O 8. Nbd2 a5 9. b5 c5 10. bxc6 Nexc6 11. Ba3 Nb4 12. Qb3 N8a6 13. Bxb4 axb4 14. a3 bxa3 15. Qxa3 Re8 $146 ({RR} 15... Bd7 16. Rfb1 Nc7 17. Qb2 Rxa1 18. Qxa1 b5 19. Qa5 bxc4 20. Nxc4 f6 21. Rb7 Ne6 22. Bh3 Qxa5 23. Nxa5 Bc8 24. Rb8 Bd7 25. Rb7 Bc8 26. Rb8 Bd7 27. Rb7 Bc8 28. Rb8 Bd7 {½-½ (28) Fancsy,I (2335)-Liiva,R Duisburg 1992}) 16. Rfb1 f5 17. Ne1 Nc7 18. Bd5+ Kh8 19. Qxa8 Nxa8 20. Rxa8 Bh6 21. Ndf3 Qe7 22. Bxb7 Bd7 23. Rxe8+ Bxe8 24. Bd5 Qd6 25. Rb7 g5 26. h4 gxh4 27. Nxh4 Bd7 28. Nef3 f4 29. Be4 fxg3 30. fxg3 Be3+ 31. Kg2 Bg4 32. Rxh7+ Kg8 33. Rb7 Qa6 34. Nxe5 Be6 35. Re7 Kf8 36. Nhg6+ Kg8 37. Rxe6 Qa2 38. Re8+ Kg7 39. Re7+ Kh6 40. Ng4+ Kh5 41. Re5+ Bg5 42. Nf4+ Kxg4 43. Bf3# 1-0

[Event "London NWYM"]
[Site "London"]
[Date "1988.??.??"]
[Round "?"]
[White "Rogers, Ian"]
[Black "Hodgson, Julian M"]
[Result "1-0"]
[WhiteElo "2540"]
[BlackElo "2525"]
[PlyCount "119"]
[EventDate "1988.??.??"]
[EventType "tourn"]
[EventRounds "9"]
[EventCountry "ENG"]
[EventCategory "10"]
[SourceTitle "CBM 009"]
[Source "ChessBase"]
[SourceDate "1989.04.01"]
[SourceVersion "1"]
[SourceVersionDate "1989.04.01"]
[SourceQuality "1"]

1. Nf3 d5 2. c4 d4 3. g3 Nc6 4. d3 e5 5. Bg2 Nf6 6. O-O a5 7. Na3 Bc5 8. Nc2 O-O 9. Bg5 h6 10. Bxf6 Qxf6 11. Nd2 Qe7 12. a3 $146 ({RR} 12. Rb1 Bd7 13. e3 dxe3 14. fxe3 Nb4 15. Bxb7 Rab8 16. Be4 f5 17. Bd5+ Kh8 18. Nf3 Nxc2 19. Qxc2 Bxe3+ 20. Kh1 c6 21. Nh4 Rf6 22. Bg2 Qd6 23. Rbe1 Bd4 24. b3 Re8 25. Nf3 Bb6 26. Qc3 Rfe6 {Isik,A (2321)-Zhigalko,A (2517) Tornelo INT 2021 1-0 (62)}) ({RR} 12. Ne4 Bb6 13. Na3 Be6 14. Qa4 Bd7 15. c5 Bxc5 16. Nxc5 Qxc5 17. Qb5 Qe7 18. Rfc1 Ra7 19. Be4 a4 20. Qc5 b6 21. Qxe7 Nxe7 22. b4 axb3 23. axb3 f5 24. Bg2 Kf7 25. Nc4 Rxa1 26. Rxa1 Ke6 {Icy45 (2505)-Xakru (2465) Playchess.com INT 2006 0-1 (56)}) 12... Bg4 13. h3 Bh5 14. Ne4 a4 15. Nxc5 Qxc5 16. Qd2 Na5 17. g4 Nb3 18. Qb4 Bg6 19. Rad1 Qxb4 20. axb4 c6 21. f4 f6 22. f5 Bf7 23. Be4 Rac8 24. Na1 Ra8 25. Kf2 Ra6 26. Nc2 b5 27. c5 Rd8 28. h4 Bd5 29. Rg1 Kf7 30. Na3 Raa8 31. Rg3 Rd7 32. g5 hxg5 33. hxg5 Rh8 34. gxf6 gxf6 35. Bxd5+ Rxd5 36. Rdg1 Rh7 37. Rg8 e4 38. dxe4 Re5 39. Rc8 Rxe4 40. Rc7+ Re7 41. Rxc6 Rh2+ 42. Kg3 Rhxe2 43. Nxb5 R7e3+ 44. Kg4 d3 45. Rc7+ Ke8 46. c6 Re1 47. Rg2 R1e2 48. Rg1 Re1 49. Rxe1 Rxe1 50. Rd7 d2 51. Nc7+ Kf8 52. Ne6+ Ke8 53. Rd8+ Ke7 54. c7 Re4+ 55. Kh3 Rc4 56. Nc5 Rd4 57. c8=Q Rxd8 58. Qe6+ Kf8 59. Qxf6+ Ke8 60. Qh8+ 1-0

[Event "Swansea"]
[Site "Swansea"]
[Date "1988.??.??"]
[Round "?"]
[White "Suba, Mihai"]
[Black "Chandler, Murray G"]
[Result "1-0"]
[WhiteElo "2535"]
[BlackElo "2610"]
[PlyCount "101"]
[EventDate "1988.??.??"]
[EventType "game"]
[EventRounds "1"]
[EventCountry "WLS"]
[SourceTitle "EXT 2010"]
[Source "ChessBase"]
[SourceDate "2010.11.25"]
[SourceVersion "1"]
[SourceVersionDate "2010.11.25"]
[SourceQuality "1"]

1. Nf3 d5 2. c4 d4 3. a3 g6 4. e3 c5 5. exd4 cxd4 6. d3 Bg7 7. g3 Nh6 $146 ({RR} 7... e5 8. Bg2 Ne7 9. O-O a5 10. Nbd2 O-O 11. Re1 Nec6 12. Rb1 Na6 13. Qc2 Bf5 14. Ne4 Bxe4 15. Rxe4 Nc5 16. Re1 a4 17. Nd2 Qa5 18. Re2 Qc7 19. Ne4 Nb3 20. Nd2 Nca5 21. Nxb3 Nxb3 22. Bd2 {Rohde,M (2545)-Christiansen,L (2610) Windsor Locks 1998 0-1 (61)}) 8. Bg2 O-O 9. O-O Nf5 10. Nbd2 a5 11. Ne4 Nc6 12. Re1 Nd6 13. Nxd6 exd6 14. Rb1 Bf5 15. b4 axb4 16. axb4 Qb6 17. Nh4 Be6 18. Bf4 Rfd8 19. Bxd6 Rxd6 20. c5 Qb5 21. cxd6 Be5 22. d7 Bxd7 23. Qc1 Bd6 24. Qc4 Qxc4 25. dxc4 Nxb4 26. Bxb7 Ra2 27. Ra1 Rc2 28. Ra8+ Kg7 29. Rd8 Nd3 30. Rxd7 Nxe1 31. Rxd6 Rc1 32. f4 Nf3+ 33. Kg2 Nxh4+ 34. gxh4 Rxc4 35. Rd7 Rc2+ 36. Kg3 Rc3+ 37. Bf3 Rd3 38. Kf2 Rd2+ 39. Be2 h5 40. Ke1 Rb2 41. Rxd4 f5 42. Rd7+ Kh6 43. Bc4 Rb8 44. Kd2 Rc8 45. Kd3 Re8 46. Bd5 Rb8 47. Kd4 Re8 48. Kc5 Rb8 49. Kd6 Rb6+ 50. Kc7 Ra6 51. Kb7 1-0

[Event "YUG-chT 40th"]
[Site "Brezovica"]
[Date "1988.??.??"]
[Round "?"]
[White "Nikolac, Juraj"]
[Black "Gligoric, Svetozar"]
[Result "1-0"]
[WhiteElo "2500"]
[BlackElo "2515"]
[PlyCount "107"]
[EventDate "1988.??.??"]
[EventType "team"]
[EventRounds "9"]
[EventCountry "YUG"]
[SourceTitle "EXT 2009"]
[Source "ChessBase"]
[SourceDate "2008.11.26"]
[SourceVersion "1"]
[SourceVersionDate "2008.11.26"]
[SourceQuality "1"]

1. Nf3 d5 2. g3 Nf6 3. Bg2 c6 4. O-O Bf5 5. d3 Nbd7 6. Nbd2 e5 7. e4 dxe4 ({RR} 7... Bg6 8. exd5 cxd5 9. Re1 Bd6 10. Nh4 Bh5 11. Bf3 Bxf3 12. Ndxf3 O-O 13. Nf5 Bc7 14. Bg5 h6 15. Bh4 Re8 16. Qd2 Nf8 17. h3 Ng6 18. g4 Nf4 19. Kf1 Nxh3 20. Nxh6+ gxh6 21. Qxh6 Re6 22. Bxf6 {Rajlich,I (2379)-Lecki,L (2026) Warsaw POL 2024 1-0 (50)}) 8. dxe4 Nxe4 ({RR} 8... Bg6 9. Qe1 Bc5 10. Nc4 Qe7 11. Nh4 O-O 12. Bd2 Qe6 13. b3 b5 14. Nb2 Bd4 15. c3 Bb6 16. Kh1 Rfe8 17. Qe2 Rad8 18. Rad1 Nc5 19. f3 Qe7 20. Be3 Ne6 21. Nd3 Nd7 22. Nb4 Nb8 23. Bh3 {Saduakassova,D (2483)-Danielian,E (2407) Krasnaya Polyana 2021 1-0 (56)}) 9. Nc4 $146 ({RR} 9. Re1 Nd6 10. Nxe5 Nxe5 11. Rxe5+ Be7 12. Nf3 O-O 13. Bf4 Re8 14. Rxe7 Rxe7 15. Qxd6 Qxd6 16. Bxd6 Rd7 17. Bc5 Rad8 18. Re1 Rd1 19. Bxa7 Bxc2 20. Bf1 Rxe1 21. Nxe1 Bb1 22. a4 Ra8 23. Bd4 Rxa4 {Filip,M-Larsen,B Reykjavik 1957 1-0 (86)}) ({RR} 9. Re1 Nxd2 10. Nxe5 Nxe5 11. Rxe5+ Be6 12. Bxd2 Bd6 13. Re3 Bc5 14. Rd3 Qf6 15. Qe1 O-O 16. Bc3 Qf5 17. Rf3 Qh5 18. Rf4 Rad8 19. Rh4 Qg5 20. Qe2 Rfe8 21. Re1 Be7 22. Ra4 a6 23. Be4 Qh6 {Bjarnason,S (2335)-Thorhallsson,T (2415) Reykjavik 1989 0-1 (67)}) 9... Nef6 10. Re1 Be6 11. Qe2 Bc5 12. Ncxe5 Nxe5 13. Nxe5 O-O 14. Bg5 h6 15. Rad1 Qe7 16. Bf4 Rfe8 17. Nd3 Bb6 18. b3 Qf8 19. Qd2 Rad8 20. h3 Bf5 21. Be5 Nd7 22. Bb2 Nc5 23. Rxe8 Qxe8 24. Qc3 Ne6 25. Qe5 Bxd3 26. Rxd3 Rxd3 27. cxd3 Qd8 28. Be4 Bd4 29. Bxd4 Nxd4 30. Kg2 g6 31. Kf1 h5 32. h4 b6 33. b4 f6 34. Qf4 Kg7 35. Bg2 Qd7 36. Qe4 Qd6 37. a3 Kf7 38. Qe3 Kg7 39. Qe8 Nc2 40. Be4 f5 41. Bxc6 Qxd3+ 42. Kg2 Qd6 43. Qa8 Qe7 44. Bd5 f4 45. Qg8+ Kf6 46. Qh8+ Qg7 47. Qb8 f3+ 48. Kxf3 Qe7 49. Qh8+ Kf5 50. Qc8+ Ke5 51. Qxc2 Qf6+ 52. Ke3 Kxd5 53. Qe4+ Kd6 54. Qd4+ 1-0

[Event "Saint John op-1"]
[Site "Saint John"]
[Date "1988.??.??"]
[Round "?"]
[White "Benjamin, Joel"]
[Black "Eingorn, Vereslav S"]
[Result "1-0"]
[WhiteElo "2565"]
[BlackElo "2570"]
[PlyCount "103"]
[EventDate "1988.01.24"]
[EventType "swiss"]
[EventRounds "9"]
[EventCountry "CAN"]
[SourceTitle "CBM 006"]
[Source "ChessBase"]
[SourceDate "1988.10.01"]
[SourceVersion "1"]
[SourceVersionDate "1988.10.01"]
[SourceQuality "1"]

1. e4 e6 2. d3 c5 3. Nf3 Nc6 4. g3 d5 5. Nbd2 g6 6. Bg2 Bg7 7. O-O Nge7 8. Re1 h6 9. h4 b6 10. c3 a5 11. a4 Ba6 12. exd5 exd5 13. Nb3 O-O 14. d4 ({RR} 14. Bf4 Kh7 15. d4 c4 16. Nbd2 f6 17. Qc2 Bc8 18. h5 Bf5 19. hxg6+ Bxg6 20. Qd1 Qd7 21. Nh4 Bd3 22. b3 Rae8 23. bxc4 dxc4 24. Qh5 Ng6 25. Nxg6 Bxg6 26. Qb5 Nb8 27. Qxc4 Rc8 28. Qb3 Qa7 {Dowgird,F (2348)-Ovchinnikov,V (2426) Chess.com INT 2021 1-0 (41)}) 14... c4 15. Nbd2 Bc8 16. Nf1 $146 ({RR} 16. b3 cxb3 17. Qxb3 Be6 18. Nf1 Rb8 19. Bf4 Rb7 20. Rab1 Qd7 21. Qb5 Rc8 22. Rb3 Nf5 23. Reb1 Nb8 24. Qe2 Qxa4 25. Rxb6 Rxb6 26. Rxb6 Qe8 27. Ne3 Nxe3 28. Qxe3 Qf8 29. Rxe6 fxe6 30. Qxe6+ Kh7 {Howell,J (2525)-Gerstner,W (2370) Germany 1996 1-0 (33)}) ({RR} 16. b3 cxb3 17. Qxb3 Rb8 18. Ba3 Re8 19. c4 Be6 20. Rad1 Nxd4 21. Nxd4 Bxd4 22. cxd5 Nxd5 23. Nf3 Bc5 24. Bb2 Bb4 25. Rxe6 fxe6 26. Ne5 Kh7 27. Qd3 Rg8 28. h5 Ne7 29. Qe2 Qe8 30. Be4 Nf5 {Rodchenkov,S (2346)-Kropff,R (2156) Chess.com INT 2020 1-0 (35)}) 16... Be6 17. Bf4 Qd7 18. b3 cxb3 19. Qxb3 f6 20. Qxb6 g5 21. hxg5 hxg5 22. Bc1 Rfc8 23. Qb5 Rab8 24. Qe2 Nd8 25. Bxg5 fxg5 26. Nxg5 Rb6 27. Qd3 Qe8 28. Ne3 Qh5 29. f4 Bf7 30. Bf3 Qg6 31. Qxg6 Rxg6 32. Ra3 Rd6 33. Nxf7 Kxf7 34. Rb3 Ne6 35. Kg2 Rcc6 36. Rb7 Nc7 37. Bh5+ Kg8 38. Rb8+ Bf8 39. Ng4 Nf5 40. Re5 Ng7 41. Rg5 Nce6 42. Nf6+ Kh8 43. Rg6 Nxf4+ 44. gxf4 Rxf6 45. Rxf8+ Rxf8 46. Rxc6 Nxh5 47. Rh6+ Kg7 48. Rxh5 Rc8 49. Rxd5 Rxc3 50. Rxa5 Rc4 51. Kf3 Rxd4 52. Kg4 1-0

[Event "Bern op"]
[Site "Bern"]
[Date "1988.??.??"]
[Round "?"]
[White "Cvitan, Ognjen"]
[Black "Klinger, Josef"]
[Result "1-0"]
[WhiteElo "2520"]
[BlackElo "2505"]
[PlyCount "62"]
[EventDate "1988.02.??"]
[EventType "swiss"]
[EventRounds "9"]
[EventCountry "SUI"]
[SourceTitle "EXT 1997"]
[Source "ChessBase"]
[SourceDate "1996.11.15"]
[SourceVersion "1"]
[SourceVersionDate "1996.11.15"]
[SourceQuality "1"]

1. Nf3 d5 2. g3 g6 3. c4 dxc4 4. Qa4+ Nc6 5. Qxc4 e5 6. Bg2 h6 7. O-O Bg7 8. d3 Nge7 9. Qc2 O-O 10. a3 ({RR} 10. Nc3 Be6 11. a3 a5 12. Be3 Qd7 13. Ne4 b6 14. Bxh6 Bd5 15. Bxg7 Kxg7 16. Rac1 Ra7 17. Nc3 Bxf3 18. exf3 Nd4 19. Qd1 c5 20. Re1 Nec6 21. Ne2 Qf5 22. f4 Rd8 23. Nxd4 Nxd4 24. Rxe5 Qf6 {Uritsky,Y (2321)-To,N (2321) chess.com INT 2024 1-0 (57)}) 10... Bg4 11. Nbd2 Qd7 $146 ({RR} 11... a5 12. Rb1 a4 13. b4 axb3 14. Nxb3 b6 15. Bb2 Qd7 16. Rfc1 Ra7 17. Ra1 Be6 18. Nfd2 Nd4 19. Nxd4 exd4 20. a4 Bd5 21. a5 Bxg2 22. Kxg2 bxa5 23. Qc5 Rfa8 24. Nf3 Nf5 25. Qc6 Qe7 26. Rc2 {Cox,J (2308)-Edouard,R (2640) Daventry 2020 0-1 (36)}) ({RR} 11... a5 12. Rb1 a4 13. b4 axb3 14. Nxb3 b6 15. Bb2 Qd7 16. Rfc1 Ra7 17. Ra1 Be6 18. Nfd2 Nd4 19. Nxd4 exd4 20. a4 Bd5 21. a5 Bxg2 22. Kxg2 bxa5 23. Qc5 Rfa8 24. Nf3 Nf5 25. Qc6 Qe7 26. Rc2 {Cox,J (2308)-Edouard,R (2640) Daventry 2020 0-1 (36)}) 12. Rb1 Nd5 13. e3 Rad8 14. b4 Nde7 15. b5 Na5 16. Bb2 b6 17. Nxe5 Bxe5 18. Bxe5 Qxd3 19. Qxd3 Rxd3 20. Ne4 Nd5 21. h3 Re8 22. Nf6+ Nxf6 23. Bxf6 Be6 24. Rfc1 Bc4 25. Rb4 Rd6 26. Bd4 c5 27. bxc6 b5 28. c7 a6 29. Bc5 Rde6 30. Rd1 Rc8 31. Rd8+ Re8 1-0

[Event "Amsterdam Euwe Memorial"]
[Site "Amsterdam"]
[Date "1988.03.13"]
[Round "3"]
[White "Ljubojevic, Ljubomir"]
[Black "Karpov, Anatoly"]
[Result "1-0"]
[WhiteElo "2610"]
[BlackElo "2715"]
[PlyCount "73"]
[EventDate "1988.03.11"]
[EventType "tourn"]
[EventRounds "6"]
[EventCountry "NED"]
[EventCategory "17"]
[SourceTitle "CBM 006"]
[Source "ChessBase"]
[SourceDate "1988.10.01"]
[SourceVersion "1"]
[SourceVersionDate "1988.10.01"]
[SourceQuality "1"]

1. e4 c6 2. d3 e5 3. Nd2 Nf6 4. Ngf3 d6 5. g3 g6 6. Bg2 Bg7 7. O-O O-O 8. a4 Nbd7 ({RR} 8... Ng4 9. b4 f5 10. Ba3 Nh6 11. c3 Nf7 12. b5 Re8 13. exf5 Bxf5 14. Nc4 d5 15. Ne3 Be6 16. Rb1 {½-½ (16) Kirpichnikov,V (2395)-Bronstein,D (2570) Jurmala 1978}) ({RR} 8... a5 9. Nc4 Na6 10. b3 Be6 11. Ba3 Re8 12. Nxd6 Re7 13. Nc4 Nb4 14. c3 Bxc4 15. bxc4 Rd7 16. cxb4 Rxd3 17. Qc2 Nxe4 18. Ne1 Rxa3 19. Rxa3 Nd2 20. Rd3 {1-0 (20) Rees,I (2272)-Crocker,P (2103) chess.com INT 2024}) 9. a5 Re8 $146 ({RR} 9... Rb8 10. Re1 Qc7 11. d4 b5 12. axb6 axb6 13. c3 b5 14. b4 Bb7 15. Nb3 c5 16. d5 c4 17. Na5 Ba8 18. Bd2 h6 19. Nh4 Qd8 20. Be3 Rc8 21. Ra2 Kh7 22. Bc1 Ng8 23. Bh3 Rc7 24. Be3 {Balashov,Y (2550)-Hakulinen,E (2340) Kuopio 1992 1-0 (59)}) 10. b4 Rb8 11. Bb2 b5 12. axb6 axb6 13. Ra7 Bb7 14. c4 Qc7 15. Qb3 Ra8 16. Rxa8 Bxa8 17. Ra1 d5 18. cxd5 cxd5 19. Ng5 Qd6 20. exd5 Bxd5 21. Nc4 Qc6 22. Ne3 Bxb3 23. Bxc6 h6 24. Ra3 hxg5 25. Rxb3 Bf8 26. Kg2 Re6 27. Bb5 Kg7 28. h3 Be7 29. Bc3 Bd6 30. Ra3 Bb8 31. Ra8 Re7 32. Bd2 e4 33. d4 Bc7 34. Rc8 Nf8 35. Bc3 N8h7 36. Bc6 Nf8 37. b5 1-0

[Event "Haninge"]
[Site "Haninge"]
[Date "1988.??.??"]
[Round "?"]
[White "Kortschnoj, Viktor Lvovich"]
[Black "Agdestein, Simen"]
[Result "1-0"]
[WhiteElo "2640"]
[BlackElo "2560"]
[PlyCount "81"]
[EventDate "1988.05.??"]
[EventType "tourn"]
[EventRounds "11"]
[EventCountry "SWE"]
[EventCategory "13"]
[SourceTitle "CBM 008"]
[Source "ChessBase"]
[SourceDate "1989.02.01"]
[SourceVersion "1"]
[SourceVersionDate "1989.02.01"]
[SourceQuality "1"]

1. Nf3 e6 2. g3 b5 3. Bg2 Bb7 4. d3 c5 5. e4 Be7 6. O-O d6 7. Re1 Nf6 8. Nbd2 O-O $146 ({RR} 8... Nbd7 9. Nf1 Qc7 10. h4 h6 11. c3 a5 12. Qe2 Ne5 13. a4 b4 14. Nxe5 dxe5 15. Ne3 Ba6 16. Nc4 O-O-O 17. b3 Bxc4 18. dxc4 Nd7 19. h5 Nb8 20. Qg4 Rhg8 21. cxb4 cxb4 22. c5 Nc6 23. Be3 {Kevlishvili,R (2529)-Skvortsov,A (2307) chess.com INT 2023 1-0 (37)}) ({RR} 8... Nbd7 9. Nf1 Qc7 10. h4 h6 11. c3 a5 12. Qe2 Ne5 13. a4 b4 14. Nxe5 dxe5 15. Ne3 Ba6 16. Nc4 O-O-O 17. b3 Bxc4 18. dxc4 Nd7 19. h5 Nb8 20. Qg4 Rhg8 21. cxb4 cxb4 22. c5 Nc6 23. Be3 {Kevlishvili,R (2529)-Skvortsov,A (2307) chess.com INT 2023 1-0 (37)}) 9. Nf1 Nc6 10. h3 a5 11. g4 Nd7 12. Ng3 Nde5 13. Nh2 Ng6 14. c3 Bg5 15. d4 Bxc1 16. Rxc1 cxd4 17. cxd4 Nf4 18. Ne2 Nxg2 19. Kxg2 f5 20. Qb3 Nb4 21. Nf4 fxe4 22. Nxe6 Rxf2+ 23. Kxf2 Qf6+ 24. Kg1 Bd5 25. Qe3 Qxe6 26. Rc7 h6 27. a3 Nd3 28. Rf1 Rc8 29. Rxc8+ Qxc8 30. g5 h5 31. g6 Qd8 32. Rf5 Bc6 33. Rxh5 Qf6 34. Ng4 Qxg6 35. Rg5 Qe6 36. d5 Bxd5 37. Qa7 g6 38. Rxd5 Nf4 39. Qb8+ Kg7 40. Qc7+ Kh8 41. Rxd6 1-0